000 00483 a2200157 4500
008 150916b xxu||||| |||| 00| 0 eng d
041 _aEnglish
082 _aCD6502
100 _aBhusal, Top Prasad
245 _aAnalysis of teaching short stories through montessori techniques
260 _aKathmandu
_c2011
502 _aDissertation
_bDegree in education
_cT.U.
650 _aLanguage
_aLearning
_aTeaching
_aMontessori method
_aCurriculum
653 _aEnglish
942 _2ddc
_cVM
999 _c63634
_d63622